The assignment and misassignment of American teachers : the complete report /

Bibliographic Details
Corporate Author: National Commission on Teacher Education and Professional Standards (U.S.). Special Committee on the Assignment of Teachers
Other Authors: Ford, Paul Michael
Format: Book
Language:English
Published: Washington : National Commission on Teacher Education and Professional Standards, National Education Association of the United States, [1965]
Subjects:

MARC

Tag First Indicator Second Indicator Subfields
LEADER 00000cam a2200000 4500
001 in00000072216
005 20151008052438.0
008 740116s1965 dcu b 00000 eng u
010 |a  65006624  
035 |a (OCoLC)00777368 
035 |9 AAH3374AM 
040 |c CSU  |d TXA  |d UtOrBLW 
049 |a TXAM  |c [455698] 
050 0 |a LB2835  |b .N3172 
092 |a 371.1  |b N2771a, 1965 
110 2 |a National Commission on Teacher Education and Professional Standards (U.S.).  |b Special Committee on the Assignment of Teachers. 
245 1 4 |a The assignment and misassignment of American teachers :  |b the complete report /  |c [Edited for the committee by Paul M. Ford]. 
264 1 |a Washington :  |b National Commission on Teacher Education and Professional Standards, National Education Association of the United States,  |c [1965] 
300 |a vi, 68 pages ;  |c 28 cm. 
336 |a text  |b txt  |2 rdacontent 
337 |a unmediated  |b n  |2 rdamedia 
338 |a volume  |b nc  |2 rdacarrier 
504 |a Bibliography: pages 65-68. 
650 0 |a Teachers  |x Selection and appointment. 
700 1 |a Ford, Paul Michael. 
999 |a MARS 
999 f f |s 3ee6995b-c97c-3fd4-9beb-96dff1e59187  |i f09c1155-471b-3621-a9d4-de9e5f71ab62  |t 0 
952 f f |p ric  |a Texas A&M University  |b Rellis Campus  |c Joint Library Facility  |d Remote Storage  |t 0  |e LB2835 .N3172  |h Library of Congress classification  |i unmediated -- volume  |m A14800830096 
998 f f |a LB2835 .N3172  |t 0  |l Remote Storage